Энерготехнологические установки и защита окружающей среды: межвузовский научный сборник

Dettagli Bibliografici
Ente Autore: Саратовский политехнический институт (СПИ)
Riassunto:Исключено из фонда НТБ ТПУ
Lingua:russo
Pubblicazione: Саратов, Изд-во Саратовского политехнического ин-та, 1985
Natura: Libro
KOHA link:https://koha.lib.tpu.ru/cgi-bin/koha/opac-detail.pl?biblionumber=275195

MARC

LEADER 00000nam0a2200000 4500
001 275195
005 20231031230602.0
020 |a RU  |b 85-98421 
035 |a (RuTPU)RU\TPU\book\298427 
090 |a 275195 
100 |a 20141112d1985 k y0rusy5003 ca 
101 0 |a rus 
102 |a RU 
105 |a a z 001zy 
200 1 |a Энерготехнологические установки и защита окружающей среды  |e межвузовский научный сборник  |f Саратовский политехнический институт (СПИ) 
210 |a Саратов  |c Изд-во Саратовского политехнического ин-та  |d 1985 
215 |a 80 с.  |c ил.  |d 20 см 
320 |a Библиография в конце статей 
333 |a Исключено из фонда НТБ ТПУ 
675 |a 621.311.22:628  |z rus  |v 4 
712 0 2 |a Саратовский политехнический институт (СПИ)  |c (1960-1992)  |2 stltpush  |3 (RuTPU)RU\TPU\col\283 
801 0 |a RU  |b RuMRKP  |c 19950704  |g psbo 
801 1 |a RU  |b 63413507  |c 20141112 
801 2 |a RU  |b 63413507  |c 20221130  |g RCR 
942 |c BK